MDQL
is popping MORE tags! Check the
thread
!
Quizzes
Events
Quiz Creation
Community
Videos
Private Events
Remove Ads
Sign In
Join for FREE
Feedback
Dark Mode
Quiz Categories
Sports
Geography
Music
Movies
Television
Just For Fun
Miscellaneous
History
Literature
Language
Science
Gaming
Entertainment
Religion
Holiday
For Kids
Quiz Lab
Recent
Popular Today
Quiz Kudos Today
Editor Picks
Curator Picks
Quizzes by...
Day
Popularity
Type
Ratings
Length
Year
Community
Subscriptions
Recent Discussions
Orange Saloon
Badges
Playlists
Quests
Create
Leaderboards
Showdown
Live 5
Trivia Bingo
Activity
Puzzle Library
Sporcle Events
Private Events
Virtual Trivia
Globe League
Become a Host
Pub Owners
SporcleCon
Opinionation
Our Games
Videos
Blog
Mobile Apps
Partnerships
Remove Ads and Go Orange
Feedback
Miscellaneous
Crossword
General Knowledge
Baby Names
Logo
Food
Cars
Numbers
Grab Bag
University
College
Popular
Company
Slogans
Restaurants
Justice
Letter
Miscellaneous
Crossword
General Knowledge
Baby Names
Logo
Food
Cars
Numbers
Grab Bag
University
College
Popular
Company
Slogans
Restaurants
Justice
Letter
Random Quiz
Search Sporcle
×
Quiz Lab
Quiz Lab
Miscellaneous
gcse
Type in answers that appear in a list
Type in answers that appear in a list
Classic
Best Score? Go Orange.
GCSE Subjects Stats
Can you name the GCSE Subjects?
By
Doctor_NOLIFE
10m
84 Questions
115 Plays
115 Plays
115 Plays
Comments
Comments
Give Quiz Kudos
Give Quiz Kudos
-
- Ratings
hide this ad
Replay
Link that replays current quiz
Next Quiz
Link to next quiz in quiz playlist
You Got
0%
They Got
Avg Score
31%
Avg Friend Score
Upgrade to see
Score Distribution
Jump to the score distribution portion of the page
Score
0/84
Timer
10:00
0
Plays Today
% Correct
English
97.8%
Maths
93%
French
91.3%
Biology
89.6%
Chemistry
89.6%
Physics
88.7%
Spanish
86.1%
German
85.2%
History
85.2%
Geography
84.3%
Religious Studies
77.4%
Physical Education
73.9%
Drama
68.7%
Music
65.2%
Latin
63.5%
Business
60%
Science
60%
Design and Technology
59.1%
English Literature
59.1%
Italian
58.3%
English Language
57.4%
Business Studies
53.9%
Economics
51.3%
ICT
49.6%
Sociology
48.7%
Psychology
46.1%
Greek
42.6%
Russian
41.7%
% Correct
Applied Art and Design
40%
Mandarin
40%
Art and Design
39.1%
Media Studies
38.3%
Performing Arts - Dance
33.9%
Welsh
33.9%
Law
33%
Statistics
33%
Urdu
31.3%
Polish
27.8%
Japanese
27%
Dutch
26.1%
Portuguese
25.2%
Engineering
20%
Home Economics
20%
Astronomy
19.1%
Health and Social Care
18.3%
Double and Triple Science
16.5%
Citizenship
15.7%
Electronics
15.7%
Bengali
13.9%
General Studies
13.9%
Classical Civilisation
12.2%
PSHE
12.2%
Punjabi
11.3%
Additional Applied Science
10.4%
Additional Science
10.4%
Applied Science
10.4%
% Correct
Catering
10.4%
Accounting
8.7%
Human Biology
8.7%
Persian
7.8%
Travel and Tourism
7%
Archaeology
5.2%
Gujarati
5.2%
Leisure and Tourism
5.2%
Social Science
5.2%
Biblical Hebrew
4.3%
Business and Communication
3.5%
Humanities
3.5%
Applied Business
2.6%
Classical Greek
2.6%
Resources
2.6%
Applied ICT
1.7%
Applied Performing Arts
1.7%
Hospitality and Catering
1.7%
Modern Hebrew
1.7%
Games
1.7%
Environmental Studies
0.9%
European Studies
0.9%
Expressive Arts
0.9%
Manufacturing
0.9%
Business Studies and Economics
0%
Human Psychology and Health
0%
Preparation for Working Life
0%
Welsh Literature
0%
Quiz Playlist
Details
Report
Send in Message
Add To Playlist
Classic:
Type in answers that appear in a list
Quiz Source
Last Updated: Feb 16, 2017
Quiz Scoreboard
CHALLENGE
Sign Up to Join the Scoreboard
Show All
Scores
Hide
Comments
May contain spoilers
Recently Published
Colored Red Africa Blitz
by spor1
Geography
30s
Find the 'City' Movie
by crazypaving
Movies
60s
5x2 Blitz: Bands
by SL_Kpop136
Music
30s
More to Explore
Quiz From the Vault
Featured Blog Post
14 Easter Pick-up Lines to Find Eggs With
hide this ad
You Might Also Like...
Tags
gcse
GCSE Subjects
subject
Today's Top Quizzes in Miscellaneous
Browse Miscellaneous
hide this ad
Top Contributed Quizzes in Miscellaneous
1
5-to-1: Fast Food
2
9x9 Crossword: Disney Movie Titles
3
9x9 Crossword: Charlie and the Chocolate Factory
4
9x9 Crossword: Halloween
5
The JOE quick-fire general knowledge quiz: Day 174
6
Picture Click Blitz: Airline Logos
7
9x9 Crossword: 2022 Movies
8
9x9 Crossword: Toy Story
9
9x9 Crossword: The Simpsons
10
random perfect cubes 1-30
Explore More
Trending Topics
Disney
NBA
Crossword
Kpop
Anime
Marvel
Harry Potter
Country
Song
NFL
The Office
Soccer
WWE
Pokémon
Puzzle
hide this ad
More By:
Doctor_NOLIFE
Quiz
Plays
Rating
Category
Featured
Created
Doctor Who New Series Companion Trivia
14,696
3.00
Television
Apr 10, 2012
Shakespeare: To Be Or Not To Be Speech in 'Hamlet'
1,592
2.00
Literature
Nov 20, 2013
Aliens in the Sarah Jane Adventures
734
5.00
Television
Nov 22, 2011
David Tennant's acting career
560
2.75
Television
Jul 13, 2010
Shakespeare: All The World's A Stage
476
Literature
Feb 27, 2016
Go to Creator's Profile
Score Distribution
Quiz Creator Spotlight
Doctor_NOLIFE
Follow
Send a Message
Quizzes Created
-
Created Quiz Play Count
-
More By This Creator
Popular Quizzes Today
1
5x2 Blitz: Bands
2
Find the 'City' Movie
3
Find the US States - No Outlines Minefield
4
Colored Red Africa Blitz
5
The Countries of the World
6
Find the US States
7
9x9 Crossword: Cartoon Network
8
Risky Map Clicking: Biggest States A-Z
More Miscellaneous Quizzes
Art Mediums
Published
Trending Quizzes
Colored Red Africa Blitz II
Colored Red Europe Blitz I
Find the 'Dark' Movie
Find the 'Day' Movie
Find the 'Good' Movie
Recently Updated
Champions League XIs: Real Madrid
pecheneg
Largest US Cities 1790-2010
pecheneg
Rides in Walt Disney World
pecheneg
Most Oscar Losses (Acting)
pecheneg
Beyoncé Albums
pecheneg
Leaping Animals
pecheneg
Reality TV Shows (A-Z)
bhenderson79
Rickey Henderson's Hall of Fame Teammates
pecheneg
Champions League XIs: Arsenal
pecheneg
Quick Pick: Celebrities in WWE's Hall of Fame
aduchscher
Trending Topics
Kpop
Crossword
Anime
Harry Potter
NBA
Marvel
Disney
Song
The Office
Pokémon
WWE
Puzzle
Country
NFL
Soccer
Your Account Isn't Verified!
In order to create a playlist on Sporcle, you need to verify the email address you used during registration. Go to your
Sporcle Settings
to finish the process.
Report this User
Report this user for behavior that violates our
Community Guidelines
.
Details:
Send Report
Go to the Sporcle.com Mobile Site →
Comments